Central Library OPAC University of Rajshahi

Indian journal of agricultural economics / (Record no. 77548)

MARC details
000 -LEADER
fixed length control field 01200nam a2200265 a 4500
001 - CONTROL NUMBER
control field 77548
003 - CONTROL NUMBER IDENTIFIER
rucl marc code BD-RjUL
005 - DATE AND TIME OF LATEST TRANSACTION
control field 20211209083002.0
008 - FIXED-LENGTH DATA ELEMENTS--GENERAL INFORMATION
fixed length control field 201119s19659999ii a b 001 0 eng
035 ## - SYSTEM CONTROL NUMBER
System control number (BD-RjUL)77773
040 ## - CATALOGING SOURCE
Original cataloging agency DLC
Transcribing agency DLC
Modifying agency BD-RjUL
082 ## - DEWEY DECIMAL CLASSIFICATION NUMBER
Edition number 23
Classification number 630.5
Author mark and year IAE 1983
245 00 - TITLE STATEMENT
Title Indian journal of agricultural economics /
Statement of responsibility, etc. Indian Society of Agricultural Economics.
260 ## - PUBLICATION, DISTRIBUTION, ETC. (IMPRINT)
Place of publication, distribution, etc. Bombay :
Name of publisher, distributor, etc. Indian Society of Agricultural Economics,
Date of publication, distribution, etc. [1965-]
300 ## - PHYSICAL DESCRIPTION
Pagination v.:
Illustrations illus.;
Size 25 cm.
500 ## - GENERAL NOTE
General note Published on the occasion of the Annual Conference of the Indian Society of Agricultural Economics during the jubilee year, 1965.
General note "Indian journal of agricultural economics, 1940-1964: index": p. [391]-475.
General note Also includes index to the Proceedings of the Conferences of the Indian Society of Agricultural Economics, 1940-1945.
504 ## - BIBLIOGRAPHY, ETC. NOTE
Bibliography, etc Bibliographical footnotes.
650 #0 - SUBJECT ADDED ENTRY--TOPICAL TERM
Topical term or geographic name as entry element Agriculture
General subdivision Economic aspects
Geographic subdivision India.
Form subdivision Periodicals
9 (RLIN) 242036
710 2# - ADDED ENTRY--CORPORATE NAME
Corporate name or jurisdiction name as entry element Indian Society of Agricultural Economics.
Title of a work Proceedings of the Conference.
9 (RLIN) 242037
942 ## - ADDED ENTRY ELEMENTS (KOHA)
Source of classification or shelving scheme Dewey Decimal Classification
Koha item type Continuing Resources
Holdings
Lost status Source of classification or shelving scheme Damaged status Not for loan Collection code Permanent Location Current Location Shelving location Date acquired Total Checkouts Full call number Date last seen Copy number Koha item type
  Dewey Decimal Classification   Not For Loan Serials Central Library, University of Rajshahi Central Library, University of Rajshahi   19/11/2020   P 630.5 IAE V-38 No.1-4 1983 19/11/2020 C-1 Continuing Resources